Statistics for Countries That Produce the Most Soybeans

Click here to take the quiz!

General Stats

  • This quiz has been taken 502 times
  • The average score is 10 of 14

Answer Stats

TonnesCountry% Correct
19,600,000China
99%
112,549,240United States
99%
121,797,712Brazil
96%
11,226,000India
95%
48,796,661Argentina
88%
6,358,500Canada
85%
4,307,593Russia
81%
1,040,000Indonesia
80%
2,797,670Ukraine
60%
1,245,500South Africa
56%
2,829,356Bolivia
51%
11,024,460Paraguay
44%
1,005,630Italy
42%
1,990,000Uruguay
41%

Score Distribution

Percentile by Number Answered

Percent of People with Each Score

Your Score History

You have not taken this quiz